00288 2200121 4500245005300000250001100053100002600064650001600090005001900106260001800125041001400143336000900157 aLAPORAN KARYA SISWAcANISA BUNGA KURNIASIHhText aCet. 1 aANISA BUNGA KURNIASIH aKarya Siswa a20240829113505 aJakartac2024 aIndonesia atext